| 000 | 01739cam a2200421 a 4500 | ||
|---|---|---|---|
| 001 | 16477345 | ||
| 005 | 20241031114836.0 | ||
| 008 | 100924s2011 enka b 001 0 eng | ||
| 010 | _a 2010040669 | ||
| 020 | _a9780199550647 (hbk. : alk. paper) | ||
| 020 | _a9780198766506 (Pbk.) | ||
| 035 | _a(DNLM)101542051 | ||
| 040 |
_aDNLM/DLC _cDLC _dDLC |
||
| 042 | _apcc | ||
| 050 | 0 | 0 |
_aRD731 _b.O95 2011 |
| 060 | 1 | 0 | _aWE 168 |
| 082 | 0 | 0 |
_a616.7 _bOXF |
| 245 | 0 | 0 |
_aOxford textbook of trauma and orthopaedics / _cedited by Christopher Bulstrode (editor-in-chief) ... [et al.]. |
| 246 | 1 | _aTrauma and orthopaedics | |
| 250 | _a2nd ed. | ||
| 260 |
_aOxford ; _aNew York : _bOxford University Press, _c2017. |
||
| 300 |
_axx, 1176 p. : _bill. ; _c29 cm. |
||
| 490 | 0 | _aOxford textbooks in surgery | |
| 500 | _aRev. ed. of: Oxford textbook of orthopedics and trauma. 2002. | ||
| 504 | _aIncludes bibliographical references and index. | ||
| 650 | 0 |
_aOrthopedics. _9126663 |
|
| 650 | 0 |
_aMusculoskeletal system _xWounds and injuries. _9126664 |
|
| 650 | 1 | 2 |
_aOrthopedics _xmethods. _9126665 |
| 650 | 2 | 2 |
_aFractures, Bone _xsurgery. _9126666 |
| 650 | 2 | 2 |
_aMusculoskeletal System _xsurgery. _9126667 |
| 650 | 2 | 2 |
_aOrthopedic Procedures. _9126668 |
| 700 | 1 |
_aBulstrode, C. J. K. _q(Christopher J. K.) _9126669 |
|
| 700 | 1 |
_aBulstrode, C. J. K. _q(Christopher J. K.) _tOxford textbook of orthopedics and trauma. _9126670 |
|
| 906 |
_a7 _bcbc _corignew _d1 _eecip _f20 _gy-gencatlg |
||
| 942 |
_2ddc _cBK |
||
| 999 |
_c612225 _d612225 |
||